• 首页
  • 本馆介绍
  • 公告通知
  • 最新文献
  • 馆藏检索
  • 电子资源
  • 读者导购
  • 参考咨询
  • 我的图书馆
  • 登录
  • 详细信息显示
  • 放入我的书架
  • 预约/预借图书
  • 作者相关作品
  • 分类相关作品
  • 丛书相关作品
  • 出版社相关作品

书目信息

  • 表格格式
  • 工作单格式
  • 卡片格式
题名:
学海拾零——语言文学论集
    
 
作者: 钱学烈 著
分册:  
出版信息: 北京   中央文献出版社  2007
页数: 256页
开本: 21cm
丛书名: 当代语言学丛书
单 册:
中图分类: H004.2
科图分类:
主题词: 语言学--中国--文集 , 语言学
电子资源:
ISBN: 978-7-5073-2258-3
000 00817oam2 2200265 450
001 003638104
005 20091202090256.00
010    @a978-7-5073-2258-3@dCNY20.00
100    @a20070318d2007 em y0chiy0110 ea
101 0  @achi
102    @aCN@b110000
105    @ay z 000yy
106    @ar
200 1  @a学海拾零——语言文学论集@9xue hai shi ling — — yu yan wen xue lun ji@f钱学烈著
210    @a北京@c中央文献出版社@d2007
215    @a256页@d21cm
225 2  @a当代语言学丛书
330    @a本书包括近代汉语研究、现代汉语及对外汉语教学研究、寒山子和寒山诗研究三个部分,共选21篇论文。
461  0 @12001 @a当代语言学丛书
606 0  @a语言学@y中国@j文集
606 0  @a语言学
690    @aH004.2@v4
701  0 @a钱学烈@9qian xue lie@4著
801  0 @aCN@bNLC@c20091202
905    @b794571-76@dH004.2@e176@f6
    
    学海拾零——语言文学论集/钱学烈著.-北京:中央文献出版社,2007
    256页;21cm.-(当代语言学丛书)
    
    
    ISBN 978-7-5073-2258-3:CNY20.00
    本书包括近代汉语研究、现代汉语及对外汉语教学研究、寒山子和寒山诗研究三个部分,共选21篇论文。
●
相关链接 在E读中查询图书 在五车中查询图书 在当当中查询图书 在豆瓣中查询图书


正题名:学海拾零——语言文学论集     索取号:H004.2/176         预约/预借

序号 登录号 条形码 馆藏地/架位号 状态 备注
1 794571   207945713   第二样本阅览室/ [索取号:H004.2/176] 在馆    
2 794572   207945722   第四借阅区/ [索取号:H004.2/176] 在馆    
3 794573   207945731   第四借阅区/ [索取号:H004.2/176] 在馆    
4 794574   207945740   第四借阅区/ [索取号:H004.2/176] 在馆    
5 794575   207945759   第四借阅区/ [索取号:H004.2/176] 在馆    
6 794576   207945768   密集书库-文学院/ [索取号:H004.2/176] 在馆    
唐山师范学院图书馆 欢迎您!
大连网信软件有限公司© 版权所有